000 00428cam a22001457a 4500
008 180718b1958 xxu||||| |||| 00| 0 eng d
082 _aB13 M821
100 _aMorgen, Arthur E.
245 _aCommunity of the future and the future of community
_cby Arthur E. Morgen
260 _aSevagram
_bHindustani Telimi Sangh
_c1958
300 _a167p.
500 _aFirst pub. USA 1957, Rs.2.50
650 _aAPPPA
650 _aCommunity
999 _c374248
_d374248